Il existe au moins 10... - Mort subite - Statistiques

Statistiques générales
  • Ce quiz a été pris 373 fois
    368 depuis la dernière actualisation
  • Le résultat moyen est 4 sur 21
Answers on the Grid
Answers color-coded by a green-red scale on the quiz's grid according to % correct below.
...pays commençant par la lettre S
...pays limitrophes du Brésil
...montagnes de plus de 8000 mètres d'altitude
...pays traversés par le Danube
...footballeurs dans une équipe de football
...signes du zodiaque
...nerfs crâniens
...pouces dans un mètre
...films de James Bond
...footballeurs ayant remporté au moins 2 Ballons d'Or
... pays ayant remporté au moins 100 médailles aux Jeux olympiques
...chromosomes dans une cellule humaine
...pays membres de l'OPEP
...États des États-Unis bordant l'océan Atlantique
...os dans le pied
...grammes dans une mole d'eau
...papes ayant un pontificat d'au moins 20 ans
...fuseaux horaires en Russie
...apôtres de Jésus
...consonnes dans l'alphabet latin
...faces dans un icosaèdre
...équipes anglaises ayant remporté la Ligue des champions
...satellites naturels de Vénus
...pays fondateurs de l'Union européenne
...lacs plus grands que la mer Caspienne
...livres de la saga "Game of Thrones"
...pays plus peuplés que le Bangladesh
...continents
...jours de la semaine
...catégories de prix Nobel
...planètes du système solaire
...pays ayant remporté la Coupe du monde du football
...pays possédant l'arme nucléaire
....gaz nobles
...diviseurs du nombre 100
...étoiles sur le drapeau de la Bosnie-Herzégovine
..côtés dans un Ennéagone
...capitales plus au nord que Minsk
...pattes dans une araignée
...semaines dans 2 mois
...années bissextiles dans 30 ans
...villes de plus de 20 millions d'habitants en Chine
 
Statistiques - réponses
Réponse % Correct
...footballeurs dans une équipe de football
40%
...apôtres de Jésus
38%
...signes du zodiaque
38%
...pays commençant par la lettre S
31%
...chromosomes dans une cellule humaine
26%
...films de James Bond
26%
...os dans le pied
26%
...États des États-Unis bordant l'océan Atlantique
17%
...consonnes dans l'alphabet latin
15%
...nerfs crâniens
15%
...pouces dans un mètre
14%
...fuseaux horaires en Russie
10%
...papes ayant un pontificat d'au moins 20 ans
10%
... pays ayant remporté au moins 100 médailles aux Jeux olympiques
10%
...pays limitrophes du Brésil
10%
...pays membres de l'OPEP
10%
...faces dans un icosaèdre
9%
...montagnes de plus de 8000 mètres d'altitude
9%
...pays traversés par le Danube
8%
...footballeurs ayant remporté au moins 2 Ballons d'Or
6%
...grammes dans une mole d'eau
6%
Aucun quiz correspondant
Distribution des résultats
% des personnes avec chaque résultat
Percentile par nombre de réponses
Votre historique - résultats
Vous n’avez pas pris ce quiz depuis la dernière actualisation